♫ "Ordinaryish People" - Lyrics - AJR ♫ - Statistics

General Stats
  • This quiz has been taken 84 times
  • The average score is 171 of 224
Answer Stats
Lyric % Correct
you
97%
You
97%
I
95%
people
95%
a
92%
goodbye
92%
ordinaryish
92%
So
92%
the
92%
Your
92%
your
92%
friends
89%
friends,
89%
We
89%
we,
89%
'Cause
87%
though?
87%
though
87%
when
87%
When
87%
call
84%
had
84%
depressing
82%
happy
82%
happy,
82%
no
82%
No,
82%
you're
82%
all
79%
but
79%
But
79%
didn't
79%
hippie
79%
hippie,
79%
sometime
79%
then
79%
and
76%
still
76%
we're
76%
be
74%
celebrate
74%
last
74%
leave,
74%
quite
74%
run,
74%
somebody
74%
think
74%
time
74%
any
71%
are
71%
don't
71%
fun
71%
fun)
71%
guess
71%
minds
71%
pack
71%
sometimes
71%
up
71%
why
71%
work
71%
back
68%
get
68%
nobody,
68%
nobody
68%
sellout
68%
too
68%
wanna
68%
Was
68%
wonder
68%
alive
66%
high,
66%
job
66%
ugly
66%
way
66%
(Way
66%
weren't
66%
anyone
63%
anyone)
63%
down
63%
gotta
63%
downer
61%
vain
61%
buckle
58%
pretty
58%
they
58%
not
55%
say
55%
smart
55%
special,
55%
special
55%
stupid,
55%
what
55%
just
53%
that's
50%
Well,
45%
if
37%
please
32%
Please,
32%
attention,
29%
attention
29%
paying
29%
yell
29%
(Oh,
26%
No matching quizzes found
Score Distribution
Percent of People with Each Score
Percentile by Number Answered
Your Score History
You have not taken this quiz